000 01004cad a22002175a 4500
001 E154211
008 111101e20111101xxk s000 0 eng d
035 _a(Sirsi) u154211
041 0 _aeng
110 2 _aScotland
_bScottish Government
_95344
245 0 0 _aTenant farming reforms published
_h[electronic resource]
260 _c2011
490 _aScottish Government News Release
_v1 November 2011
520 _aAnnounces the Agricultural Holdings (Amendment) Scotland) Bill, which seeks to introduce legislation to ban "upward only" and "landlord only" initiated rent reviews, and to simplify the procedure for grandchildren to inherit farm tenancies.
590 _aKA
650 2 4 _aAGRICULTURAL HOLDINGS (AMENDMENT) (SCOTLAND) BILL 2011
651 4 _aScotland
_y1999-
690 _aENVIRONMENTAL AND LAND CONSULTANCY-AGRIBUSINESS-AGRICULTURE
856 4 0 _uhttps://www.scotland.gov.uk/News/Releases/2011/11/01100143
_zView the news release free of charge at www.scotland.gov.uk...
942 _n0
999 _c83534
_d83534